000 00459 a2200145 4500
005 20250603074532.0
020 _a0-7879-0359-3
082 _aLECT 658.404 GRA
100 _aGRAHAM,R. J.
245 _aCreating an Environment for Successful Projects : The Quest to manage Poject Management.
260 _aCalifornia,
_bJossey-Bass,
_c1997.
300 _axvi, 253p.: ill.; fugure, table
_bReferences & Index
_c24cm.
700 _aENGLUND, R. L.
942 _2ddc
_cBKS
999 _c3071
_d3071